Sex, gender, and christian ethics

Αποθηκεύτηκε σε:
Λεπτομέρειες βιβλιογραφικής εγγραφής
Κύριος συγγραφέας: Cahill, Lisa Sowle
Μορφή: Βιβλίο
Γλώσσα:English
Δημοσίευση: Cambridge : Cambridge University Press, c1996
Σειρά:New studies in Christian ethics
Θέματα:
Ετικέτες: Προσθήκη ετικέτας
Δεν υπάρχουν, Καταχωρήστε ετικέτα πρώτοι!

MARC

LEADER 00000nam a2200000 i 4500
001 1/64873
008 990107s1996 eng d
020 |a 0-521-57848-5 
035 |l 10047039 
040 |a GR-MY-UA  |b gre  |e aacr 
041 0 |a eng 
082 0 |a 241.66 
100 1 |a Cahill, Lisa Sowle. 
245 1 0 |a Sex, gender, and christian ethics /  |c Lisa Sowle Cahill 
260 |a Cambridge :   |b Cambridge University Press,   |c c1996 
300 |a 328 p. 
490 1 |a New studies in Christian ethics 
504 |a Includes bibliographical references and index 
650 0 0 |a Sex  |x Religious aspects  |x Christianity. 
650 0 0 |a Sex role  |x Religious aspects  |x Christianity. 
650 0 0 |a Christian ethics. 
650 0 0 |a Feminist ethics. 
830 0 |a New studies in Christian ethics 
852 |a INST  |b LESVOS  |e 19990107  |h 241.66 CAH  |p 005100017211  |q 005100017211  |t BK  |y 0 
901 |a BIBL-1999-1 
909 |a Λ  |b 061418 
922 |a 1ΕΛΗ  |b 199811  |c ΚΠΣ/ΤΚ  |d ΠΑΠΑΣΩΤΗΡΙΟΥ 
950 |a 103-1998-07-27